空襲目標都市順位クイズ - Statistics

General Stats
  • This quiz has been taken 1,242 times
  • The average score is 109 of 180
Answer Stats
順位 都道府県 都市名 % Correct
1 東京 東京
99%
2 大阪 大阪
99%
3 愛知 名古屋
99%
7 広島 広島
99%
4 京都 京都
99%
5 神奈川 横浜
98%
8 福岡 福岡
98%
6 兵庫 神戸
97%
9 神奈川 川崎
95%
12 長崎 長崎
94%
14 北海道 札幌
93%
10 広島
92%
13 宮城 仙台
92%
23 石川 金沢
92%
15 静岡 静岡
92%
16 熊本 熊本
91%
18 北海道 函館
91%
20 和歌山 和歌山
90%
22 鹿児島 鹿児島
90%
19 山口 下関
88%
24 大阪
88%
28 岐阜 岐阜
88%
17 長崎 佐世保
87%
29 静岡 浜松
87%
32 新潟 新潟
86%
132 山口 山口
85%
31 岡山 岡山
84%
43 兵庫 姫路
84%
21 神奈川 横須賀
83%
38 愛媛 松山
83%
56 北海道 旭川
82%
70 三重
82%
36 富山 富山
81%
40 香川 高松
81%
51 千葉 千葉
81%
26 福岡 小倉
80%
37 徳島 徳島
80%
53 福岡 久留米
80%
33 愛知 豊橋
80%
47 青森 青森
79%
48 福井 福井
79%
50 秋田 秋田
79%
52 岩手 盛岡
79%
55 栃木 宇都宮
79%
42 高知 高知
78%
45 山梨 甲府
78%
44 三重 四日市
77%
57 群馬 前橋
77%
63 大分 大分
77%
64 長野 長野
77%
25 兵庫 尼崎
76%
67 群馬 高崎
76%
69 山形 山形
76%
74 宮崎 宮崎
76%
75 茨城 水戸
76%
66 長野 松本
75%
72 滋賀 大津
75%
78 北海道 釧路
75%
82 埼玉 大宮
74%
80 奈良 奈良
73%
92 島根 松江
73%
65 青森 八戸
72%
79 東京 八王子
72%
89 広島 福山
71%
111 兵庫 明石
71%
73 新潟 長岡
70%
77 大分 別府
70%
83 埼玉 浦和
70%
88 福島 郡山
70%
101 佐賀 佐賀
69%
30 北海道 小樽
68%
103 鳥取 鳥取
68%
39 兵庫 西宮
67%
60 愛知 岡崎
67%
96 神奈川 小田原
67%
98 青森 弘前
67%
100 千葉 船橋
67%
11 福岡 八幡
66%
109 福島 福島
66%
91 愛媛 今治
65%
84 富山 高岡
64%
49 埼玉 川口
63%
99 山口 岩国
63%
41 北海道 室蘭
62%
93 静岡 沼津
62%
68 愛知 一宮
61%
112 鳥取 米子
61%
157 山口
61%
159 岡山 倉敷
61%
169 福島
61%
171 京都 舞鶴
61%
34 福岡 門司
60%
90 岐阜 大垣
60%
46 山口 宇部
59%
134 北海道 帯広
59%
62 宮崎 延岡
58%
86 宮崎 都城
58%
61 茨城 日立
57%
76 大阪 吹田
57%
87 千葉 市川
57%
131 埼玉 川越
57%
81 千葉 銚子
56%
97 石川 小松
56%
133 神奈川 藤沢
56%
27 福岡 大牟田
55%
153 静岡 三島
55%
180 静岡 熱海
55%
105 埼玉 熊谷
54%
95 愛媛 宇和島
53%
160 山形 酒田
53%
106 山形 米沢
52%
107 広島 尾道
52%
126 群馬 伊勢崎
52%
138 茨城 土浦
52%
58 群馬 桐生
51%
123 三重 桑名
51%
140 山形 鶴岡
51%
120 神奈川 平塚
50%
130 山口 徳山
50%
144 長野 上田
50%
161 京都 福知山
50%
163 福井 敦賀
50%
124 神奈川 鎌倉
49%
166 栃木 栃木
49%
174 大分 中津
49%
54 福岡 若松
48%
110 福島 若松
48%
143 三重 松阪
48%
164 佐賀 唐津
48%
165 岐阜 高山
48%
115 大阪 岸和田
47%
118 大阪 豊中
47%
119 長崎 諫早
47%
136 宮城 石巻
47%
177 長野 飯田
47%
121 愛媛 新居浜
46%
150 熊本 八代
45%
139 滋賀 彦根
44%
148 東京 立川
44%
71 静岡 清水
43%
127 岡山 津山
43%
129 広島 三原
43%
114 福岡 飯塚
42%
116 山口 小野田
41%
149 愛媛 西条
41%
178 香川 丸亀
41%
108 栃木 足利
40%
128 兵庫 芦屋
40%
156 和歌山 新宮
39%
135 新潟 三条
38%
146 鹿児島 川内
38%
155 大分 佐伯
38%
158 島根 浜田
38%
176 千葉 館山
38%
85 山口 防府
37%
122 岩手 釜石
37%
179 岐阜 多治見
37%
154 岩手 宮古
36%
170 石川 七尾
36%
151 兵庫 伊丹
35%
59 福岡 戸畑
34%
172 新潟 柏崎
34%
167 長崎 島原
32%
137 大分 日田
31%
113 福岡 直方
30%
147 秋田 能代
30%
162 愛媛 八幡浜
29%
141 大阪 池田
28%
168 新潟 高田
28%
117 愛知 瀬戸
27%
125 長野 岡谷
27%
152 山口 下松
26%
104 愛知 半田
22%
142 岡山 玉野
22%
175 和歌山 海南
22%
35 大阪 布施
21%
94 三重 宇治山田
19%
173 兵庫 洲本
18%
102 京都 東舞鶴
10%
145 兵庫 飾磨
8%
No matching quizzes found
Score Distribution
Percent of People with Each Score
Percentile by Number Answered
Your Score History
You have not taken this quiz